Quiz o Kórniku - Statystyki

Ogólne statystyki
  • Ten quiz został rozwiązany 5 razy
  • Średni wynik to 5 z 11
Statystyki odpowiedzi
Wskazówka Odpowiedź % Poprawnych
Legenda o niej Biała Dama
100%
Południowa część miasta Bnin
100%
Najsłynniejszy zabytek {Zamek} w Kórniku
100%
Jeziora w Kórniku Jezioro {Kórnickie}
75%
Jeziora w Kórniku Jezioro {Bnińskie}
25%
Burmistrz Kórnika Przemysław Pacholski
25%
Miejscowość w której jest położona stacja kolejowa Kórnik Szczodrzykowo
25%
Nazwa miasta podczas II Wojny Światowej Burgstadt
0%
Jeziora w Kórniku Jezioro {Skrzyneckie Duże}
0%
Niemiecka nazwa miasta Kurnick
0%
Była właścicielka zamku Teofila Działyńska
0%
Nie znaleziono quizów pasujących do podanych kryteriów
Rozkład punktacji
Procent ludzi z każdym wynikiem
Percentyl według liczby udzielonych odpowiedzi
Twoja historia wyników
Nie rozwiązałeś tego quizu